书目信息 |
| 题名: |
MBA联考英语大纲词汇手册
|
|
| 作者: | 纪飞 主编 | |
| 分册: | ||
| 出版信息: | 北京 清华大学出版社 2005.9 |
|
| 页数: | 393页 | |
| 开本: | 19cm | |
| 丛书名: | 新世纪英语考试大纲词汇手册丛书 | |
| 单 册: | ||
| 中图分类: | H313.1 | |
| 科图分类: | ||
| 主题词: | 英语--ying yu--词汇--研究生--入学考试--升学参考资料 , 词汇--ci hui | |
| 电子资源: | ||
| ISBN: | 7-302-11557-5 | |
| 000 | 01260nam0 2200349 450 | |
| 000 | 01279nam0 2200349 450 | |
| 000 | 01242nam0 2200337 450 | |
| 000 | 01205nam0 2200325 450 | |
| 000 | 01168nam0 2200313 450 | |
| 000 | 01123nam0 2200301 450 | |
| 000 | 01112nam0 2200301 450 | |
| 000 | 01075nam0 2200289 45 | |
| 001 | 012005000794 | |
| 005 | 20051214161423.02 | |
| 010 | @a7-302-11557-5@dCNY15.00 | |
| 100 | @a20051121d2005 em y0chiy0121 ea | |
| 101 | 0 | @achi@aeng |
| 102 | @aCN@b110000 | |
| 105 | @ay z 000yy | |
| 200 | 1 | @aMBA联考英语大纲词汇手册@AMBA lian kao ying yu da gang ci hui shou ce@f纪飞主编 |
| 205 | @a2版 | |
| 210 | @a北京@c清华大学出版社@d2005.9 | |
| 215 | @a393页@d19cm | |
| 225 | 2 | @a新世纪英语考试大纲词汇手册丛书@Axin shi ji ying yu kao shi da gang ci hui shou ce cong shu |
| 330 | @a本书共收录MBA联考英语考试大纲词汇4700多个、词组近1000个。词义的注释上参考了大学英语教材、历年来MBA联考英语考试试题和全国硕士研究生入学英语考试试题。 | |
| 461 | 0 | @12001 @a新世纪英语考试大纲词汇手册丛书 |
| 606 | 0 | @a英语@Aying yu@x词汇@x研究生@x入学考试@j升学参考资料 |
| 606 | 0 | @a词汇@Aci hui |
| 690 | @aH313.1@v4 | |
| 701 | 0 | @a纪飞@Aji fei@4主编 |
| 801 | 0 | @aCN@bSRXX@c20051214 |
| 905 | @a10447@dH313.1@eJ132/5 | |
| MBA联考英语大纲词汇手册/纪飞主编.-2版.-北京:清华大学出版社,2005.9 |
| 393页;19cm.-(新世纪英语考试大纲词汇手册丛书) |
| ISBN 7-302-11557-5:CNY15.00 |
| 本书共收录MBA联考英语考试大纲词汇4700多个、词组近1000个。词义的注释上参考了大学英语教材、历年来MBA联考英语考试试题和全国硕士研究生入学英语考试试题。 |
| ● |
| 相关链接 |
|
|
|
正题名:MBA联考英语大纲词汇手册
索取号:H313.1/J132/5
 
预约/预借
| 序号 | 登录号 | 条形码 | 馆藏地/架位号 | 状态 | 备注 |
| 1 | 548720 | 205487203 | 语言库209/209语言库 32排4列1层/ [索取号:H313.1/J132/5] | 在馆 | |
| 2 | 548721 | 205487212 | 语言库209/209语言库 32排4列1层/ [索取号:H313.1/J132/5] | 在馆 | |
| 3 | 548722 | 205487221 | 语言库209/209语言库 32排4列1层/ [索取号:H313.1/J132/5] | 在馆 |